International Scientific Units - Statistics

General Stats
  • This quiz has been taken 156,112 times
    147,853 since last reset
  • The average score is 24 of 49
Answer Stats
Abbrev. Unit or Prefix % Correct
k Kilo
99%
kg Kilogram
99%
m Metre
97%
°C Degree Celsius
90%
Hz Hertz
86%
mol Mole
79%
J Joule
74%
W Watt
74%
K Kelvin
73%
c Centi
72%
m Milli
72%
s Second
71%
n Nano
70%
M Mega
68%
µ Micro
68%
d Deci
67%
G Giga
67%
A Ampere
65%
Pa Pascal
63%
V Volt
63%
N Newton
62%
Ω Ohm
60%
T Tera
57%
rad Radian
53%
p Pico
51%
da Deca
47%
h Hecto
40%
Z Zetta
38%
P Peta
37%
C Coulomb
35%
F Farad
31%
cd Candela
28%
f Femto
28%
Y Yotta
28%
Bq Becquerel
22%
lx Lux
22%
Wb Weber
22%
T Tesla
21%
lm Lumen
20%
Sv Sievert
20%
a Atto
18%
E Exa
18%
Gy Gray
14%
H Henry
14%
y Yocto
14%
sr Steradian
13%
z Zepto
13%
S Siemens
12%
kat Katal
10%
No matching quizzes found
Score Distribution
Percent of People with Each Score
Percentile by Number Answered
Your Score History
You have not taken this quiz since the last reset